Polvere di stelle /

সংরক্ষণ করুন:
গ্রন্থ-পঞ্জীর বিবরন
প্রধান লেখক: Batisti, Silvia (লেখক)
বিন্যাস: গ্রন্থ
ভাষা:ইতালিয়
প্রকাশিত: Milano : Gammalibri, 1979
মালা:Documento ; 29
বিষয়গুলি:
ট্যাগগুলো: ট্যাগ যুক্ত করুন
কোনো ট্যাগ নেই, প্রথমজন হিসাবে ট্যাগ করুন!

MARC

LEADER 00000nam a22000007i 4500
001 IT\ICCU\SBL\0240866
003 ItRI
005 20260115232347.0
008 910930s1979 it |||||| ||||| |||||c
015 |2 IT  |a 80141 
040 |b ita  |c importazione bologna sebina 
041 7 |a ita  |2 ISO-639-2 
082 |a 301.412  |9 DONNA  |2 18 
100 1 |a Batisti, Silvia  |0 IT\ICCU\SBLV\138844  |4 aut 
245 1 0 |a Polvere di stelle /  |c Silvia Batisti. 
260 |a Milano :  |b Gammalibri,  |c 1979 
300 |a 111 p. ;  |c 21 cm 
500 |a In copertina complemento del titolo: Indagine sul rapporto "questione femminile"-celebrità 
650 7 |a Donne  |x Interviste 
650 7 |a Divismo 
830 0 |a Documento ;  |v 29  |0 IT\ICCU\RAV\0005675 
942 |2 ddc  |c BK  |n 0 
952 |0 0  |1 0  |4 0  |6 DOC_302_000000000000000_BAT  |7 0  |9 24786  |a BO  |b BO  |d 2026-01-15  |i 15500  |l 0  |o DOC 302 BAT  |p BO15500  |r 2026-01-15 23:23:47  |w 2026-01-15  |x [Sebina 5] [1 v.]  |y BK  |z 1 v. 
999 |c 21069  |d 21069